000 00500nam a2200181Ia 4500
003 OSt
005 20200107152621.0
008 190216s9999||||xx |||||||||||||| ||und||
020 _a8120721462
040 _coclc
082 _a363.7
_bKAR/E
100 _aKarpagam, M
_9603
245 0 _aEnvironmental Economics /
_cM Karpagam
260 _bSterling Publishers,
_c1999.
_aNew Delhi:
300 _a363p
650 _aEconomics
942 _cBK
_2ddc
_h363.7
_iKAR/E
_k363.7
_mKAR/E
999 _c10185
_d10185